| 000 | 00435ntaaa2200169 4500 | ||
|---|---|---|---|
| 003 | 01 | ||
| 005 | 20251027201408.0 | ||
| 008 | 0714s1973 ag 01 | ||
| 040 |
_aAR-BaBN _bspa _cAR-BaBN _eaacr _dRIC |
||
| 082 | _a225.8230 W64 | ||
| 100 |
_aWilder, Amós N. _95689 |
||
| 245 | _aOtherworldliness and the New Testament | ||
| 250 |
_a1 ed. : _bSCM Press Ltd., _cc/955 |
||
| 300 | _a125 p. | ||
| 650 |
_aTeología Bíblica _9313 |
||
| 942 | _cBK | ||
| 999 |
_c8488 _d8488 |
||